| 000 | 00495nam a2200169Ia 4500 | ||
|---|---|---|---|
| 999 |
_c28308 _d28308 |
||
| 003 | OSt | ||
| 005 | 20201207145454.0 | ||
| 008 | 190216s9999||||xx |||||||||||||| ||und|| | ||
| 040 | _coclc | ||
| 082 |
_a894.8124 _bSAR/A |
||
| 100 |
_aSaraswathiyamma, S _96906 |
||
| 245 | 0 |
_aAmmamaar Arinjirikkan / _c S saraswathiyamma |
|
| 260 |
_bPoorna Publication, _c2003. _aKozhikode: |
||
| 300 | _a128p | ||
| 650 | _aLekhanam | ||
| 942 |
_cBK _2ddc _h894.8124 _iSAR/A _k894.8124 _mSAR/A |
||